Le code civil commenté dans ses rapports avec la théologie morale, ou explication du code civil

Uloženo v:
Podrobná bibliografie
Médium: Kniha
Jazyk:francouzština
Vydáno: París D'Eugéne Belin 1860
Vydání:7a. ed
Témata:
Tagy: Přidat tag
Žádné tagy, Buďte první, kdo vytvoří štítek k tomuto záznamu!

MARC

LEADER 00000nam a2200000 a 4500
001 UCS1742
003 CL-VaPUC
008 970515e18600000FR |||||||||||||||||fre|d
082 0 4 |a 346.44  |b LEC  |2 21 
245 1 3 |a Le code civil commenté dans ses rapports avec la théologie morale, ou explication du code civil 
250 |a 7a. ed 
300 |a 864 p 
942 |c BK 
945 |d 19970515 00:00:00  |a paguirre 
260 |a París  |b D'Eugéne Belin  |c 1860 
650 0 |a Derecho civil  |9 255013 
650 0 |a Códigos  |9 352314 
650 7 |a PERSONA  |2 CL-VaPUC  |9 327934 
650 7 |a DOMICILIO  |2 CL-VaPUC  |9 371886 
650 0 |a Propiedad   |9 255268 
650 7 |a MATRIMONIO  |2 CL-VaPUC  |9 386476 
650 0 |a Derecho de familia  |9 255603 
651 0 |a Francia  |9 255157 
583 |a last modification  |c 19970515 00:00:00  |k Rodrigo Vera 
999 |c 259774  |d 259772 
952 |0 0  |1 0  |4 0  |6 346_440000000000000_LEC_1860  |7 0  |8 X  |9 285090  |a BIBDER  |b BIBDER  |d 2019-11-19  |i 1850466  |o 346.44 LEC 1860  |p 1850466  |r 2023-01-25  |w 2019-11-19  |y BK_X  |k DER